[Event "Stratagem Masters-B U20"]
[Site "Australia"]
[Date "2006.??.??"]
[Round "9"]
[White "Wang, Zhengbo"]
[Black "Donaldson, Thomas"]
[Result "0-1"]
[WhiteElo "1745"]
[BlackElo "1785"]
[PlyCount "82"]
[EventDate "2006.??.??"]
[EventType "tourn"]
[EventRounds "9"]
[EventCountry "AUS"]
[SourceTitle "EXT 2008"]
[Source "ChessBase"]
[SourceDate "2007.11.25"]
[SourceVersion "1"]
[SourceVersionDate "2007.11.25"]
[SourceQuality "1"]

1. e4 c6 2. d4 d5 3. exd5 cxd5 4. c4 Nf6 5. Nc3 g6 6. Bg5 dxc4 7. Bxf6 exf6 8. Bxc4 Nc6 9. Nge2 Bg7 10. 0-0 0-0 11. d5 Ne5 12. Bb3 b6 13. Nd4 Ba6 14. Re1 Rc8 15. Bc2 f5 16. Rb1 Qh4 17. Nf3 Nxf3+ 18. Qxf3 Qb4 19. a3 Qc5 20. Bb3 Qd6 21. Qe3 Bf6 22. h3 Bc4 23. Bxc4 Rxc4 24. Nb5 Qd7 25. Qb3 Rc5 26. a4 Rxd5 27. Nxa7 Rd2 28. Nb5 Rc8 29. Qe3 Rcc2 30. Qxb6 Bh4 31. Rf1 Rxf2 32. Rxf2 Bxf2+ 33. Qxf2 Rxf2 34. Kxf2 Qd2+ 35. Kg1 f4 36. Nc3 Qe3+ 37. Kh1 f3 38. gxf3 Qxf3+ 39. Kh2 h5 40. a5 Qf6 41. Rg1 Qe5+ 0-1

[Event "Sydney Masters U18"]
[Site "Sydney"]
[Date "2005.07.05"]
[Round "4"]
[White "Illingworth, Max"]
[Black "Wang, Zhengbo"]
[Result "0-1"]
[WhiteElo "2031"]
[BlackElo "1970"]
[PlyCount "74"]
[EventDate "2005.07.04"]
[EventType "tourn"]
[EventRounds "9"]
[EventCountry "AUS"]
[SourceTitle "EXT 2010"]
[Source "ChessBase"]
[SourceDate "2010.11.25"]
[SourceVersion "1"]
[SourceVersionDate "2010.11.25"]
[SourceQuality "1"]

1. d4 d5 2. Nc3 g6 3. e4 e6 4. Nf3 Bg7 5. e5 Nd7 6. Be3 Ne7 7. h4 h5 8. Qd2 a6 9. Bd3 c5 10. 0-0 cxd4 11. Bxd4 Nc6 12. Rae1 Nxd4 13. Nxd4 Nxe5 14. f4 Qb6 15. Bb5+ Nc6 16. Bxc6+ bxc6 17. Re5 Bxe5 18. fxe5 Ra7 19. Na4 Qc7 20. Nc5 a5 21. a4 0-0 22. Qg5 Qe7 23. Nd3 Qxg5 24. hxg5 Ba6 25. Nxc6 Rc7 26. Nd4 Rb8 27. Rf2 Bxd3 28. cxd3 Rb4 29. Nb5 Rc1+ 30. Kh2 Rxa4 31. Nd6 Rc7 32. Nb5 Rb7 33. Nd6 Re7 34. Nc8 Rc7 35. Nd6 Rh4+ 36. Kg3 Rg4+ 37. Kh3 Rxg5 0-1

[Event "AUS-ch op U18"]
[Site "Mount Buller"]
[Date "2005.01.16"]
[Round "7"]
[White "Wang, Zhengbo"]
[Black "Kaspar, Ric"]
[Result "1/2-1/2"]
[WhiteElo "1798"]
[BlackElo "1450"]
[PlyCount "83"]
[EventDate "2005.01.11"]
[EventType "swiss"]
[EventRounds "11"]
[EventCountry "AUS"]
[SourceTitle "EXT 2009"]
[Source "ChessBase"]
[SourceDate "2008.11.26"]
[SourceVersion "1"]
[SourceVersionDate "2008.11.26"]
[SourceQuality "1"]

1. e4 c5 2. Nc3 Nc6 3. Bb5 g6 4. Bxc6 dxc6 5. f4 Bg7 6. Nf3 e6 7. 0-0 Ne7 8. d3 b6 9. e5 Nd5 10. Ne4 0-0 11. g4 f5 12. Nd6 fxg4 13. Ng5 h6 14. Nxc8 hxg5 15. Nd6 Kh7 16. Qxg4 gxf4 17. Bxf4 Nxf4 18. Rxf4 Bxe5 19. Nf7 Bd4+ 20. Kf1 Qd5 21. Qh4+ Qh5 22. Kg2 Qxh4 23. Rxh4+ Kg7 24. Ng5 Rf2+ 25. Kh1 Bxb2 26. Re1 e5 27. Rh7+ Kg8 28. Rc7 Rf5 29. Ne6 Rf6 30. Ng5 Bd4 31. Ne4 Rf4 32. c3 Bf2 33. Nxf2 Rxf2 34. Rxe5 Rf7 35. Rxc6 Kh7 36. Ree6 Rg7 37. Rcd6 Rf8 38. Kg2 Rf4 39. Re4 Rf5 40. d4 Rgf7 41. Re2 Rf3 42. dxc5 1/2-1/2

[Event "AUS-ch op U18"]
[Site "Mount Buller"]
[Date "2005.01.15"]
[Round "5"]
[White "Wang, Zhengbo"]
[Black "Wei, Michael"]
[Result "0-1"]
[WhiteElo "1798"]
[BlackElo "2043"]
[PlyCount "44"]
[EventDate "2005.01.11"]
[EventType "swiss"]
[EventRounds "11"]
[EventCountry "AUS"]
[SourceTitle "EXT 2009"]
[Source "ChessBase"]
[SourceDate "2008.11.26"]
[SourceVersion "1"]
[SourceVersionDate "2008.11.26"]
[SourceQuality "1"]

1. e4 c5 2. Nc3 e6 3. Bc4 a6 4. a4 Nc6 5. f4 Nge7 6. d3 d5 7. Ba2 g6 8. Nf3 Bg7 9. 0-0 0-0 10. g4 d4 11. Ne2 b5 12. Qe1 Bd7 13. f5 exf5 14. Qh4 Ne5 15. Nxe5 Bxe5 16. Bg5 Re8 17. gxf5 gxf5 18. exf5 c4 19. f6 Nf5 20. Rxf5 Bxf5 21. Qh6 Bxh2+ 22. Kh1 Qd5+ 0-1

[Event "AUS-ch op U18"]
[Site "Mount Buller"]
[Date "2005.01.13"]
[Round "4"]
[White "Berggren, Marcus"]
[Black "Wang, Zhengbo"]
[Result "0-1"]
[WhiteElo "1753"]
[BlackElo "1798"]
[PlyCount "76"]
[EventDate "2005.01.11"]
[EventType "swiss"]
[EventRounds "11"]
[EventCountry "AUS"]
[SourceTitle "EXT 2009"]
[Source "ChessBase"]
[SourceDate "2008.11.26"]
[SourceVersion "1"]
[SourceVersionDate "2008.11.26"]
[SourceQuality "1"]

1. e4 e5 2. Nf3 Nc6 3. Bc4 Bc5 4. d3 Nge7 5. Nc3 0-0 6. Be3 Bb6 7. 0-0 d6 8. Bxb6 axb6 9. a3 Ng6 10. Qd2 Bg4 11. Ne1 Nf4 12. f3 Qg5 13. Kh1 Be6 14. Bxe6 Nxe6 15. Qxg5 Nxg5 16. Nd5 Ne6 17. f4 f5 18. exf5 Rxf5 19. g4 Rf7 20. Ng2 exf4 21. Rae1 Ne5 22. Nh4 Ra5 23. c4 Nd4 24. Re4 c5 25. Nf5 Nxf5 26. gxf5 Nxd3 27. Rf3 Ne5 28. Rfxf4 b5 29. b4 Rxa3 30. cxb5 cxb4 31. Nxb4 Ra5 32. Rd4 Rxb5 33. Rxd6 g5 34. Re4 Rxf5 35. Nd5 Rb1+ 36. Kg2 Rb2+ 37. Kg1 Nf3+ 38. Kh1 Rxh2# 0-1

[Event "AUS-ch op U20"]
[Site "Perth "]
[Date "2004.01.25"]
[Round "11"]
[White "Wang, Zhengbo"]
[Black "Stojic, Svetozar"]
[Result "0-1"]
[WhiteElo "1684"]
[BlackElo "1700"]
[PlyCount "44"]
[EventDate "2004.01.14"]
[EventType "swiss"]
[EventRounds "11"]
[EventCountry "AUS"]
[SourceTitle "EXT 2006"]
[Source "ChessBase"]
[SourceDate "2005.11.24"]
[SourceVersion "1"]
[SourceVersionDate "2005.11.24"]
[SourceQuality "1"]

1. e4 c5 2. Nc3 Nc6 3. Bc4 g6 4. f4 Bg7 5. Nf3 e6 6. 0-0 Nge7 7. d3 d5 8. Bb3 0-0 9. Qe1 Rb8 10. Qh4 b5 11. f5 gxf5 12. exd5 exd5 13. a4 b4 14. Ne2 Ng6 15. Qg3 Ba6 16. Bg5 Qb6 17. a5 Nxa5 18. Bxd5 c4+ 19. Qf2 cxd3 20. Nf4 dxc2 21. Nxg6 hxg6 22. Be3 Qd8 0-1

[Event "AUS-ch op U20"]
[Site "Perth "]
[Date "2004.01.20"]
[Round "7"]
[White "Wang, Zhengbo"]
[Black "Chu, Louis"]
[Result "1-0"]
[WhiteElo "1684"]
[BlackElo "1125"]
[PlyCount "63"]
[EventDate "2004.01.14"]
[EventType "swiss"]
[EventRounds "11"]
[EventCountry "AUS"]
[SourceTitle "EXT 2006"]
[Source "ChessBase"]
[SourceDate "2005.11.24"]
[SourceVersion "1"]
[SourceVersionDate "2005.11.24"]
[SourceQuality "1"]

1. d4 Nf6 2. Nf3 d5 3. Bg5 c5 4. Bxf6 exf6 5. Nbd2 Nc6 6. dxc5 Bxc5 7. Nb3 Qb6 8. e3 Be6 9. Be2 0-0 10. 0-0 Rad8 11. c3 Ne5 12. Qc2 Bg4 13. Rfd1 Rfe8 14. Nxc5 Qxc5 15. Rd4 Nc6 16. Rxg4 Re7 17. Nd4 g6 18. Nxc6 bxc6 19. Rd4 Rde8 20. Bf3 f5 21. Rad1 f4 22. Rxf4 Rxe3 23. Qd2 R3e5 24. g3 Kg7 25. Qd4 Qa5 26. c4 Qxa2 27. cxd5 cxd5 28. Bxd5 Qa5 29. Rxf7+ Kh6 30. Qf4+ g5 31. Qf6+ Kh5 32. Bf3+ 1-0

[Event "AUS-ch op U20"]
[Site "Perth "]
[Date "2004.01.17"]
[Round "5"]
[White "Wang, Zhengbo"]
[Black "Sreetharan, Kishore"]
[Result "1-0"]
[WhiteElo "1684"]
[BlackElo "1509"]
[PlyCount "53"]
[EventDate "2004.01.14"]
[EventType "swiss"]
[EventRounds "11"]
[EventCountry "AUS"]
[SourceTitle "EXT 2006"]
[Source "ChessBase"]
[SourceDate "2005.11.24"]
[SourceVersion "1"]
[SourceVersionDate "2005.11.24"]
[SourceQuality "1"]

1. e4 c6 2. d4 d5 3. exd5 cxd5 4. c4 Nc6 5. Nc3 Nf6 6. Nf3 Bg4 7. Be3 e6 8. Qb3 Bb4 9. Ne5 Qb6 10. c5 Bxc3+ 11. Qxc3 Qc7 12. Bb5 0-0 13. Nxc6 bxc6 14. Bd3 Rfe8 15. h3 Bf5 16. Bxf5 exf5 17. 0-0 Ne4 18. Qc1 Rab8 19. Bf4 Qa5 20. f3 Nf6 21. Bxb8 Rxb8 22. Qf4 Rxb2 23. Rab1 Qb5 24. Qxf5 h6 25. Kh1 Qe2 26. Rxb2 Qxb2 27. Rb1 1-0

[Event "AUS-ch op U20"]
[Site "Perth "]
[Date "2004.01.16"]
[Round "4"]
[White "Zvedeniouk, Ilya"]
[Black "Wang, Zhengbo"]
[Result "1-0"]
[WhiteElo "1922"]
[BlackElo "1684"]
[PlyCount "65"]
[EventDate "2004.01.14"]
[EventType "swiss"]
[EventRounds "11"]
[EventCountry "AUS"]
[SourceTitle "EXT 2006"]
[Source "ChessBase"]
[SourceDate "2005.11.24"]
[SourceVersion "1"]
[SourceVersionDate "2005.11.24"]
[SourceQuality "1"]

1. e4 e5 2. Nf3 Nc6 3. Nc3 Nf6 4. Bb5 Bc5 5. Nxe5 Bxf2+ 6. Kxf2 Nxe5 7. d4 Ng6 8. e5 Ng8 9. Rf1 N8e7 10. Kg1 0-0 11. Qh5 d6 12. Bd3 dxe5 13. Ne4 Qxd4+ 14. Kh1 Bg4 15. Qxg4 f5 16. Qe2 fxe4 17. Bc4+ Kh8 18. Be3 Qd7 19. Bc5 Qc6 20. Ba3 Nf4 21. Bb5 Nxe2 22. Rxf8+ Rxf8 23. Bxc6 bxc6 24. Bxe7 Rf2 25. Bc5 Rf4 26. Bxa7 Kg8 27. Bc5 Kf7 28. c3 Rh4 29. a4 Ng3+ 30. Kg1 Nf5 31. a5 e3 32. a6 e2 33. Bf2 1-0

[Event "AUS-ch op U20"]
[Site "Perth "]
[Date "2004.01.14"]
[Round "1"]
[White "Wang, Zhengbo"]
[Black "Humphries, Ryan"]
[Result "1-0"]
[WhiteElo "1684"]
[BlackElo "1238"]
[PlyCount "79"]
[EventDate "2004.01.14"]
[EventType "swiss"]
[EventRounds "11"]
[EventCountry "AUS"]
[SourceTitle "EXT 2006"]
[Source "ChessBase"]
[SourceDate "2005.11.24"]
[SourceVersion "1"]
[SourceVersionDate "2005.11.24"]
[SourceQuality "1"]

1. e4 c5 2. Nc3 d6 3. Bc4 Nf6 4. d3 Nc6 5. f4 e6 6. Nf3 d5 7. Bb3 b6 8. 0-0 Be7 9. Qe1 Nd4 10. Ne5 Nxb3 11. axb3 Bb7 12. Qg3 0-0 13. f5 exf5 14. Rxf5 g6 15. Bh6 Re8 16. Nxd5 Bxd5 17. exd5 Bd6 18. Bg5 Nh5 19. Qf3 f6 20. Bxf6 Nxf6 21. Nc6 Qc7 22. Rxf6 Bxh2+ 23. Kh1 Rf8 24. Rf1 Bd6 25. d4 cxd4 26. Nxd4 Qe7 27. Nb5 Be5 28. Rxf8+ Rxf8 29. Qxf8+ Qxf8 30. Rxf8+ Kxf8 31. Nxa7 Bxb2 32. Nc8 Bd4 33. b4 Ke8 34. Nd6+ Ke7 35. Ne4 b5 36. g4 h5 37. gxh5 gxh5 38. Kg2 Bf6 39. Kh3 Kf7 40. Nd6+ 1-0

[Event "AUS-ch U18"]
[Site "Adelaide"]
[Date "2003.01.23"]
[Round "10"]
[White "Wang, Zhengbo"]
[Black "Van Heerden, Daniel"]
[Result "1/2-1/2"]
[WhiteElo "1660"]
[BlackElo "1520"]
[PlyCount "87"]
[EventDate "2003.01.??"]
[EventType "swiss"]
[EventRounds "11"]
[EventCountry "AUS"]
[SourceTitle "EXT 2006"]
[Source "ChessBase"]
[SourceDate "2005.11.24"]
[SourceVersion "1"]
[SourceVersionDate "2005.11.24"]
[SourceQuality "1"]

1. d4 d5 2. Nf3 Bf5 3. Bf4 e6 4. Nbd2 Nf6 5. e3 Nbd7 6. Nh4 Bg6 7. Nxg6 hxg6 8. h3 c5 9. c3 Qb6 10. Qa4 a6 11. Be5 Rc8 12. Rb1 Qc6 13. Qxc6 Rxc6 14. Nf3 Bd6 15. Bxd6 Rxd6 16. Ne5 0-0 17. Bd3 Rc8 18. 0-0 b5 19. Rfc1 Rb6 20. Nxd7 Nxd7 21. Rc2 Rbc6 22. Rbc1 e5 23. e4 cxd4 24. cxd4 Rxc2 25. Rxc2 Rxc2 26. Bxc2 exd4 27. exd5 Kf8 28. Kf1 Ke7 29. Ke2 Kd6 30. Be4 Ke5 31. Bf3 Nf6 32. Kd3 Nxd5 33. Bxd5 Kxd5 34. b4 g5 35. g3 Ke5 36. f3 f5 37. Ke2 f4 38. g4 Kd6 39. Kd2 Kc6 40. Kc2 g6 41. Kd3 Kd5 42. a3 Ke5 43. Ke2 Kd6 44. Kd2 1/2-1/2

[Event "AUS-ch U18"]
[Site "Adelaide"]
[Date "2003.01.20"]
[Round "8"]
[White "Wang, Zhengbo"]
[Black "Reading, Jeremy"]
[Result "1/2-1/2"]
[WhiteElo "1660"]
[BlackElo "1363"]
[PlyCount "44"]
[EventDate "2003.01.??"]
[EventType "swiss"]
[EventRounds "11"]
[EventCountry "AUS"]
[SourceTitle "EXT 2006"]
[Source "ChessBase"]
[SourceDate "2005.11.24"]
[SourceVersion "1"]
[SourceVersionDate "2005.11.24"]
[SourceQuality "1"]

1. e4 g6 2. d4 Bg7 3. Nc3 c6 4. Be3 d6 5. Bc4 Nf6 6. f3 Nbd7 7. Nge2 0-0 8. Qd2 e5 9. Bh6 exd4 10. Nxd4 Nxe4 11. Nxe4 Qh4+ 12. g3 Qxh6 13. Qxh6 Bxh6 14. Nxd6 Ne5 15. Be2 Rd8 16. Nxc8 Rxd4 17. f4 Rxc8 18. fxe5 Re8 19. 0-0 Rxe5 20. Bd3 c5 21. Rae1 Rxe1 22. Rxe1 Kf8 1/2-1/2

[Event "AUS-ch U18"]
[Site "Adelaide"]
[Date "2003.01.16"]
[Round "5"]
[White "Vijayakumar, Rukman"]
[Black "Wang, Zhengbo"]
[Result "1/2-1/2"]
[WhiteElo "1376"]
[BlackElo "1660"]
[PlyCount "66"]
[EventDate "2003.01.??"]
[EventType "swiss"]
[EventRounds "11"]
[EventCountry "AUS"]
[SourceTitle "EXT 2006"]
[Source "ChessBase"]
[SourceDate "2005.11.24"]
[SourceVersion "1"]
[SourceVersionDate "2005.11.24"]
[SourceQuality "1"]

1. d4 d5 2. c4 e6 3. Nc3 Nf6 4. Bg5 Be7 5. Nf3 Nbd7 6. e3 c5 7. cxd5 exd5 8. Rc1 c4 9. Be2 h6 10. Bf4 a6 11. a4 Nb8 12. b3 b5 13. axb5 axb5 14. bxc4 bxc4 15. 0-0 0-0 16. Qc2 Kh8 17. e4 dxe4 18. Ne5 Bd6 19. Bxc4 Bxe5 20. dxe5 Nh5 21. Qxe4 Ra5 22. Rfd1 Qe7 23. Nd5 Bb7 24. Qf5 Bxd5 25. Qxh5 Bxc4 26. Rxc4 Qe6 27. Rcd4 Qg6 28. Qxg6 fxg6 29. e6 Nc6 30. Rd6 Rxf4 31. Rxc6 Re5 32. f3 Rf6 33. Rdd6 g5 1/2-1/2

[Event "AUS-ch U18"]
[Site "Adelaide"]
[Date "2003.01.14"]
[Round "2"]
[White "Wang, Zhengbo"]
[Black "Hor, Stanton"]
[Result "1-0"]
[WhiteElo "1660"]
[BlackElo "1413"]
[PlyCount "43"]
[EventDate "2003.01.??"]
[EventType "swiss"]
[EventRounds "11"]
[EventCountry "AUS"]
[SourceTitle "EXT 2006"]
[Source "ChessBase"]
[SourceDate "2005.11.24"]
[SourceVersion "1"]
[SourceVersionDate "2005.11.24"]
[SourceQuality "1"]

1. d4 Nf6 2. Nf3 d5 3. Bg5 Nbd7 4. e3 c5 5. Nbd2 e6 6. c3 Bd6 7. Bd3 Qc7 8. Qe2 cxd4 9. exd4 0-0 10. Rc1 Qa5 11. a3 a6 12. Ne5 b5 13. Ndf3 Qb6 14. h4 h6 15. Rh3 Bb7 16. Bxh6 Bxe5 17. Nxe5 Rfd8 18. Rg3 g6 19. Nxg6 fxg6 20. Rxg6+ Kf7 21. Rg7+ Ke8 22. Bg6+ 1-0

[Event "AUS-ch U18"]
[Site "Canberra"]
[Date "2001.01.22"]
[Round "10.14"]
[White "Wang, Zhengbo"]
[Black "Lau, Vincent"]
[Result "1-0"]
[WhiteElo "1497"]
[BlackElo "1452"]
[PlyCount "75"]
[EventDate "2001.01.??"]
[EventType "swiss"]
[EventRounds "11"]
[EventCountry "AUS"]
[SourceTitle "CBM 080 Extra"]
[Source "ChessBase"]
[SourceDate "2001.03.08"]
[SourceVersion "1"]
[SourceVersionDate "2001.03.08"]
[SourceQuality "1"]

1. d4 d5 2. Nf3 Nf6 3. Bf4 e6 4. e3 h6 5. Bd3 Bd6 6. Bg3 b6 7. Nbd2 Bb7 8. Rc1 Bxg3 9. hxg3 Nbd7 10. c4 c6 11. Rh4 Rc8 12. g4 Qe7 13. g5 Ng8 14. Qa4 a6 15. cxd5 b5 16. Qc2 exd5 17. Nb3 Rc7 18. Qc3 f6 19. gxf6 Ngxf6 20. Nc5 Nxc5 21. dxc5 Nd7 22. Rh5 Kd8 23. Bf5 Qf7 24. Ng5 Qxh5 25. Ne6+ Kc8 26. Qa5 Kb8 27. Qxc7+ Ka7 28. Nd8 Rxd8 29. Bxd7 Rb8 30. Bxc6 Ka8 31. Bxb7+ Rxb7 32. Qc8+ Ka7 33. c6 Rf7 34. c7 Kb6 35. Qb8+ Ka5 36. c8Q Qh1+ 37. Ke2 Qh5+ 38. f3 1-0

[Event "AUS-ch U18"]
[Site "Canberra"]
[Date "2001.01.19"]
[Round "8.15"]
[White "Wang, Zhengbo"]
[Black "Gowor, Jacob"]
[Result "1/2-1/2"]
[WhiteElo "1497"]
[BlackElo "1384"]
[PlyCount "56"]
[EventDate "2001.01.??"]
[EventType "swiss"]
[EventRounds "11"]
[EventCountry "AUS"]
[SourceTitle "CBM 080 Extra"]
[Source "ChessBase"]
[SourceDate "2001.03.08"]
[SourceVersion "1"]
[SourceVersionDate "2001.03.08"]
[SourceQuality "1"]

1. d4 Nf6 2. Nf3 g6 3. Bf4 Bg7 4. e3 0-0 5. Nbd2 d6 6. Bd3 Nc6 7. a3 Re8 8. 0-0 e5 9. Bg3 e4 10. d5 Nb8 11. Bb5 c6 12. dxc6 bxc6 13. Nd4 cxb5 14. Nxb5 Ba6 15. Nxd6 Bxf1 16. Nxe8 Nxe8 17. Kxf1 Bxb2 18. Nc4 Qxd1+ 19. Rxd1 Bf6 20. Be5 Bxe5 21. Nxe5 f6 22. Rd8 fxe5 23. Rxe8+ Kf7 24. Rh8 Ke6 25. Ke2 Kd5 26. f3 exf3+ 27. Kxf3 Kc4 28. Ke4 Kc5 1/2-1/2